Top 30 NBA 2K22 Ratings - Statistics

General Stats
  • This quiz has been taken 141 times
  • The average score is 29 of 30
Answer Stats
Hint Answer 2K Rating % Correct
14 Suns Devin Booker 91
100%
1 Bucks Giannis Antetokounmpo 97
100%
9 Grizzlies Ja Morant 93
100%
15 Celtics Jayson Tatum 90
100%
4 76ers Joel Embiid 96
100%
2 Nets Kevin Durant 96
100%
13 Nets Kyrie Irving 92
100%
3 Lakers LeBron James 96
100%
8 Mavericks Luka Doncic 95
100%
6 Warriors Stephen Curry 96
100%
11 Lakers Anthony Davis 92
99%
16 Trailblazers Damian Lillard 90
99%
10 76ers James Harden 92
99%
12 Heat Jimmy Butler 92
99%
7 Clippers Kawhi Leonard 95
99%
5 Nuggets Nikola Jokic 96
99%
18 Hawks Trae Young 90
99%
20 Pelicans Zion Williamson 89
99%
19 Suns Chris Paul 90
95%
17 Bulls DeMar DeRozan 90
95%
27 Jazz Donovan Mitchell 87
95%
22 Clippers Paul George 88
95%
23 Bulls Zach LaVine 88
95%
24 Thunder Shai Gilgeous-Alexander 88
94%
21 Timberwolves Karl-Anthony Towns 89
92%
28 Wizards Bradley Beal 87
90%
30 Heat Bam Adebayo 87
89%
26 Jazz Rudy Gobert 88
88%
29 Raptors Pascal Siakam 87
87%
25 Caviliers Darius Garland 88
79%
No matching quizzes found
Score Distribution
Percent of People with Each Score
Percentile by Number Answered
Your Score History
You have not taken this quiz